Инструментальные средства программирования на языке Паскаль: пер. с англ.

Xehetasun bibliografikoak
Egile nagusia: Керниган Б. Брайан
Beste egile batzuk: Плоджер Ф. Филип
Hizkuntza:errusiera
Argitaratua: Москва, Радио и связь, 1985
Gaiak:
Formatua: Liburua
KOHA link:https://koha.lib.tpu.ru/cgi-bin/koha/opac-detail.pl?biblionumber=74531

MARC

LEADER 00000nam0a2200000 4500
001 74531
005 20231031085425.0
035 |a (RuTPU)RU\TPU\book\79495 
090 |a 74531 
100 |a 20050309d1985 k y0rusy50 ca 
101 1 |a rus  |c eng 
102 |a RU 
105 |a y z 000zy 
200 1 |a Инструментальные средства программирования на языке Паскаль  |e пер. с англ.  |f Б. Керниган, Ф. Плоджер 
210 |a Москва  |c Радио и связь  |d 1985 
215 |a 312 с. 
610 1 |a вычислительная техника 
610 1 |a программирование 
610 1 |a языки программирования 
610 1 |a Паскаль 
610 1 |a инструментальные средства 
675 |a 681.3.06  |v 3 
700 1 |a Керниган  |b Б.  |g Брайан 
701 1 |a Плоджер  |b Ф.  |g Филип 
801 1 |a RU  |b 63413507  |c 20050309  |g PSBO 
801 2 |a RU  |b 63413507  |c 20160714  |g PSBO 
942 |c BK